countries of the world according to americans - Statistics

General Stats
  • This quiz has been taken 85 times
  • The average score is 11 of 14
Answers on the Map
Answers color-coded by a green-red scale on the quiz's map according to % correct below.
 
Answer Stats
Answer % Correct
canada
99%
mexico
94%
africa
93%
asia
93%
australia
93%
europe
93%
japan
84%
south america
82%
america
78%
greenland
76%
alaska
60%
hawaii
55%
arabia
52%
puerto rico
21%
No matching quizzes found
Score Distribution
Percent of People with Each Score
Percentile by Number Answered
Your Score History
You have not taken this quiz